Histoire naturelle de Lacépede (Record no. 48488)
[ view plain ]
| 000 -LEADER | |
|---|---|
| campo de control de longitud fija | 00875nam a22002055i 4500 |
| 001 - NÚMERO DE CONTROL | |
| campo de control | 48488 |
| 003 - IDENTIFICADOR DE NÚMERO DE CONTROL | |
| campo de control | ES-MaACL |
| 005 - FECHA Y HORA DE LA ÚLTIMA TRANSACCIÓN | |
| campo de control | 20250815063219.0 |
| 007 - CAMPO FIJO DE DESCRIPCIÓN FÍSICA--INFORMACIÓN GENERAL | |
| campo de control de longitud fija | t| |
| 008 - DATOS DE LONGITUD FIJA--INFORMACIÓN GENERAL | |
| campo de control de longitud fija | 950720s1841 fr ||||1| fre d |
| 040 ## - FUENTE DE CATALOGACIÓN | |
| Centro catalogador/agencia de origen | CAM |
| Lengua de catalogación | spa |
| Centro/agencia transcriptor | CAM |
| 100 1# - ENTRADA PRINCIPAL--NOMBRE DE PERSONA | |
| Nombre de persona | Lacépède, Bernard Germain Etienne de la Ville sur Illon, |
| Títulos y otros términos asociados al nombre | Comte de, |
| Fechas asociadas al nombre | 1756-1825 |
| 9 (RLIN) | 69351 |
| 245 10 - MENCIÓN DEL TÍTULO | |
| Título | Histoire naturelle de Lacépede |
| Resto del título | : comprenant les cétaces, les quadrupédes ovipares, les serpens et les poissons / |
| Mención de responsabilidad, etc. | Bernard Delaville; nouvelle édition précédée de l'eloge de Lacépede par M. Cuvier; avec de notes de M.A.G. Desmarest. |
| 260 ## - PUBLICACIÓN, DISTRIBUCIÓN, ETC. | |
| Lugar de publicación, distribución, etc. | Paris : |
| Nombre del editor, distribuidor, etc. | Furne et Cie., |
| Fecha de publicación, distribución, etc. | 1841 ( |
| Fabricante | Schneider) |
| 300 ## - DESCRIPCIÓN FÍSICA | |
| Extensión | 2 v., 36 h. de lám. ; |
| Dimensiones | 26 cm. |
| 700 1# - ENTRADA AGREGADA--NOMBRE PERSONAL | |
| Nombre de persona | Cuvier, Fréderic Georges, |
| Fechas asociadas al nombre | 1773-1838 |
| 9 (RLIN) | 126680 |
| 700 1# - ENTRADA AGREGADA--NOMBRE PERSONAL | |
| Nombre de persona | Desmarest, A. G. |
| 9 (RLIN) | 43897 |
| 852 ## - LOCALIZACIÓN | |
| Ubicación | ES-MaACL |
| Número de control de estantería | G-7887-8 |
| Estatus retirado | Estado de pérdida | Estado de daño | No para préstamo | Colección | Biblioteca de origen | Biblioteca actual | Ubicación en estantería | Fecha de adquisición | Fuente de adquisición | Total de préstamos | Signatura topográfica completa | Código de barras | Visto por última vez | Precio de reemplazo | Tipo de ítem Koha |
|---|---|---|---|---|---|---|---|---|---|---|---|---|---|---|---|
| Libros del s. XIX | Biblioteca del Ateneo de Madrid | Biblioteca del Ateneo de Madrid | Sala Pecera Planta 3 | 17/01/2008 | G-7887-8 | 1051026 | 23/02/2023 | 23/02/2023 | Libro impreso antiguo |
